Ciencia Tecnología y Ambiente Física : (Record no. 22705)

000 -CABECERA
fixed length control field 00864nam a22002417i 4500
003 - IDENTIFICADOR DEL NÚMERO DE CONTROL
control field AR-CdUCM
008 - DATOS DE LONGITUD FIJA--INFORMACIÓN GENERAL
fixed length control field 231003b20142014pe aaaaer|||| 001 0 spa d
040 ## - FUENTE DE LA CATALOGACIÓN
Agencia/entidad que catalogó originalmente la obra MUNICIPALIDAD PROVINCIAL DEL CUSCO
Entidad que transcribió la catalogación BIBLIOTECA MUNICIPAL DEL CUSCO
082 ## - NÚMERO DE LA CLASIFICACIÓN DECIMAL DEWEY
No. de Clasificación 530.076 / N29
Notacion interna N29
100 ## - ENTRADA PRINCIPAL--NOMBRE DE PERSONA
Nombre Personal Navarro Nina, César
245 ## - MENCIÓN DE TÍTULO
Título Ciencia Tecnología y Ambiente Física :
Resto del título Problemas Resueltos y Propuestos /
260 ## - PUBLICACIÓN, DISTRIBUCIÓN, ETC.
Lugar de publicación, distribución, etc. Cusco :
Nombre de la editorial, distribuidor, etc. LARI,
Fecha de publicación, distribución, etc. 2014.
300 ## - DESCRIPCIÓN FÍSICA
Nº de Páginas Extensión 366 páginas. :
Otros detalles físicos ilustraciones ;
Dimensiones 21 cm.
500 ## - NOTA GENERAL
Bibliografía Bibliografía: página 367
505 ## - NOTA DE CONTENIDO CON FORMATO
Nota de contenido formateada Magnitudes físicas -- Análisis vectorial -- Estática -- Hidrostática -- Electrodinámica
650 ## - PUNTO DE ACCESO ADICIONAL DE MATERIA--TÉRMINO DE MATERIA
Descriptor Física
9 (RLIN) 2382
650 ## - PUNTO DE ACCESO ADICIONAL DE MATERIA--TÉRMINO DE MATERIA
Descriptor Análisis dimensional
9 (RLIN) 29424
650 ## - PUNTO DE ACCESO ADICIONAL DE MATERIA--TÉRMINO DE MATERIA
Descriptor Cinemática
9 (RLIN) 3280
650 ## - PUNTO DE ACCESO ADICIONAL DE MATERIA--TÉRMINO DE MATERIA
Descriptor Dinámica lineal
9 (RLIN) 48914
942 ## - ELEMENTOS DE PUNTO DE ACCESO ADICIONAL (KOHA)
Fuente de clasificación
Tipo de item Libros-BMC
945 ## - PROCESAMIENTO DE INFORMACIÓN LOCAL (OCLC)
Catalogador pebm
AAAA-MM-DD - Fecha de ingreso o modificacion 2023-10-03
Holdings
Estado de retiro (separado) Fuente de clasificación o esquema de estanterías Estado dañado Ubicación Sala donde se ubica Nombre de la colección Fecha de adquisición o compra Fuente de adquisición Costo, precio normal en soles Signatura topográfica Código de Barras Última vez visto (Koha) Tipo de ítem (Koha)
No     Sala Ciencias Sala Ciencias Book Cart 2023-10-03 Donación 20.00 530.076 / N29 SC0000002364 2023-10-03 Libros-BMC

Powered by Koha